| 000 | 02156nam a2200433 c 4500 | ||
|---|---|---|---|
| 003 | BLK | ||
| 005 | 20250607102915.0 | ||
| 008 | 180408b bul|||||r ||||||| ||bul|| | ||
| 010 | _aKNG00075813000 | ||
| 020 |
_a954-729-240-4 _bиздат.: АТИКА |
||
| 040 | _aBLK | ||
| 041 |
_aBUL _cBUL |
||
| 080 |
_aШпионаж. Политическо влияние чрез тайни (разузнавателни) служби _b327.84 _x(430)(091)(093.3) _z327.84(430)(091)(093.3) |
||
| 080 |
_aРазузнавателна служба. Тайна служба. Шпионаж. Разузнавателна информация. Вж и 327.84 ; 344.1 _b355.40 _x:355.48(100)"1939/45"(093.3) _z355.40:355.48(100)"1939/45"(093.3) |
||
| 080 |
_aИстория на Германия _b94(430) _x(093.3) _z94(430)(093.3) |
||
| 100 | 1 |
_aШеленберг, Валтер _eпърви автор _9143148 |
|
| 700 | 1 |
_aГеоргиева, Венета _eпрев. от нем. _9365839 |
|
| 700 | 1 |
_aВеселинов, Ленко _e* _9371314 |
|
| 700 | 1 |
_aЗлатанова, Минка _e* _9365933 |
|
| 139 |
_aШеленберг, Валтер _bШ 51 |
||
| 245 | 1 | 0 |
_aЛабиринт _cВалтер Шеленберг; прев. от нем. Венета Георгиева; * Ленко Веселинов; * Минка Златанова. |
| 257 | _aDEU | ||
| 260 |
_аСофия _bАТИКА _c2007 |
||
| 300 |
_a447 с. _bсъс сн. _c20 см |
||
| 380 | _a3 | ||
| 500 | _aОриг. загл. Die Memoiren des letzten Geheimdiensthefs unter Hitler / Walter Schellenberg | ||
| 650 | 4 |
_aРазузнаване - Германия - история _9295420 |
|
| 650 | 4 |
_aВтора световна война - история _9276224 |
|
| 650 | 4 |
_aНационалсоциализъм - Германия _9163821 |
|
| 653 | _aразузнаване | ||
| 653 | _aтайни служби | ||
| 653 | _aВтора световна война | ||
| 852 | _aЦб 234431 | ||
| 856 | 4 |
_qpdf _u |
|
| 856 | 4 |
_qpdf _u |
|
| 942 |
_cKNG _n0 _027 |
||
| 944 |
_aCR _c20.06.2007 _k30529 _lДиана Гривева |
||
| 944 |
_aED _c06.03.2009 _k |
||
| 999 |
_c71443 _d71443 |
||